Normal view
MARC view
- Kashif, Muhammad
Entry Personal Name
001 - CONTROL NUMBER
- control field: 51601
003 - CONTROL NUMBER IDENTIFIER
- control field: NUST
005 - DATE AND TIME OF LATEST TRANSACTION
- control field: 20210314135028.0
008 - FIXED-LENGTH DATA ELEMENTS
- fixed length control field: 210314|| aca||aabn | a|a d
040 ## - CATALOGING SOURCE
- Original cataloging agency: NUST
- Transcribing agency: NUST
100 ## - HEADING--PERSONAL NAME
- Personal name: Kashif, Muhammad
670 ## - SOURCE DATA FOUND
- Source citation: Work cat.: (NUST): Ali, Shabbir 51599, Investigation of shear strength of frozen sand, 2019.
